LEADER 01204nam0-22004331i-450- 001 990000785630403321 005 20080902155920.0 035 $a000078563 035 $aFED01000078563 035 $a(Aleph)000078563FED01 035 $a000078563 100 $a20020821d1996----km-y0itay50------ba 101 0 $aita 102 $aIT 105 $aa-------001yy 200 1 $aBreve descrittione di sette cittą illustri d'Italia$fIeronimo Pico Fonticulano$ga cura di Mario Centofanti 210 $aL'Aquila$cEdizioni textus$dc1996 215 $aXL, 109 p.$cill.$d24 cm 225 1 $aBibliotheca Aquilana$v2 610 0 $aRoma 610 0 $aNapoli 610 0 $aVenezia 610 0 $aMilano 610 0 $aFirenze 610 0 $aBologna 610 0 $aL'Aquila 700 1$aPico,$bGeronimo <1541-1596>$0430586 702 1$aCentofanti,$bMario 801 0$aIT$bUNINA$gRICA$2UNIMARC 901 $aBK 912 $a990000785630403321 952 $aAQU.1$b135$fCICE 952 $aURB.LE B 1383$b8192$fFARBC 952 $a12.285$b2842$fDARST 959 $aFARBC 959 $aCICE 959 $aDARST 996 $aBreve descrittione di sette cittą illustri d'Italia$9350881 997 $aUNINA LEADER 00891nam0-22003251i-450- 001 990003019740403321 010 $a0-8240-1061-2 035 $a000301974 035 $aFED01000301974 035 $a(Aleph)000301974FED01 035 $a000301974 100 $a20000920d1975----km-y0itay50------ba 101 0 $aeng 102 $aIT 200 1 $aBooks in English on the Soviet Union 1917-73$eA Bibliography$fCompiled by D. L. Jones. 210 $aNew York$aLondon$cGarland$d1975. 215 $aXIV, 331 p.$d23 cm 610 0 $aBibliografie 610 0 $aUnione Sovietica 676 $aA/2 676 $aF/1.7 702 1$aJones,$bDavid Lewis 801 0$aIT$bUNINA$gRICA$2UNIMARC 901 $aBK 912 $a990003019740403321 952 $aA/2 RUS$b4892$fSES 959 $aSES 996 $aBooks in English on the Soviet Union, 1917-73$9266613 997 $aUNINA DB $aING01